| 000 | 00887nam a2200253Ia 4500 | ||
|---|---|---|---|
| 003 | GCL | ||
| 005 | 20240530101813.0 | ||
| 008 | 140319s9999 xx 000 0 ara d | ||
| 040 |
_aGCL / _cGCL |
||
| 082 | 0 | 4 |
_a147.3 _bم ن |
| 100 | 1 | _aماركيوز، هربرت | |
| 245 | 1 | 0 |
_aنظرية الوجود عند هيجل اساس الفلسفة التاريخية / _cماركيوز، هربرت ؛ ترجمة وتقديم وتعليق : ايهاب فتحى |
| 260 |
_aالقاهرة : _bالهيئة المصرية العامة للكتاب ، _c1990 |
||
| 300 |
_a453 ص؛ _c24 سم |
||
| 650 | 0 | 4 | _aالفلسفة |
| 650 | 0 | 4 | _aنظريات |
| 650 | 0 | 4 | _aهيجل |
| 650 | 0 | 4 | _aالفلاسفة |
| 650 | 0 | 4 | _aالفلسفة الغربية |
| 650 | 0 | 4 | _aالوجود |
| 650 | 0 | 4 | _aالفلسفة التاريخية |
| 700 | 1 | _aابراهيم فتحى | |
| 942 |
_2ddc _cBK |
||
| 999 |
_c27819 _d27819 |
||